| 000 -LEADER |
| fixed length control field |
00816cam a22002411a 4500 |
| 001 - CONTROL NUMBER |
| control field |
12733148 |
| 005 - DATE AND TIME OF LATEST TRANSACTION |
| control field |
20171222081708.0 |
| 008 - FIXED-LENGTH DATA ELEMENTS--GENERAL INFORMATION |
| fixed length control field |
020408s2002 cau b 001 0 eng |
| 010 ## - LIBRARY OF CONGRESS CONTROL NUMBER |
| LC control number |
2002005574 |
| 020 ## - INTERNATIONAL STANDARD BOOK NUMBER |
| International Standard Book Number |
0761987703 (c) |
| 040 ## - CATALOGING SOURCE |
| Original cataloging agency |
DLC |
| Transcribing agency |
DLC |
| Modifying agency |
DLC |
| 041 ## - LANGUAGE CODE |
| Language code of text/sound track or separate title |
eng |
| 043 ## - GEOGRAPHIC AREA CODE |
| Geographic area code |
n-us--- |
| 080 ## - UNIVERSAL DECIMAL CLASSIFICATION NUMBER |
| Universal Decimal Classification number |
362.630973 ROB |
| 082 00 - DEWEY DECIMAL CLASSIFICATION NUMBER |
| Classification number |
362.630973 ROB |
| Edition number |
21 |
| 100 1# - Rafti |
| Rafti |
50 |
| 101 ## - Shkurtesa |
| Shkurtesa |
SOC |
| 245 10 - TITLE STATEMENT |
| Title |
Community resources for older adults : |
| Statement of responsibility, etc |
Robbyn R. Wacker, Karen A. Roberto, Linda E. Piper. |
| 504 ## - BIBLIOGRAPHY, ETC. NOTE |
| Bibliography, etc |
Includes bibliographical references a(p. 417-454) and index. |
| 906 ## - LOCAL DATA ELEMENT F, LDF (RLIN) |
| a |
7 |
| b |
cbc |
| c |
orignew |
| d |
1 |
| e |
ecip |
| f |
20 |
| g |
y-gencatlg |
| 942 ## - ADDED ENTRY ELEMENTS (KOHA) |
| Source of classification or shelving scheme |
|
| Item type |
Books |